000 00802nam a2200217 a 4500
001 000245187
003 AM-YeHGA
005 20250618071635.0
008 030710s1963 ai |||||r|||||||||1|arm|d
040 _aAM-YeHGA
041 1 _aarm
_hrus
100 1 _aԱդամյան, Նորա Գևորգի,
_d1910-1992
_9958
245 1 0 _aԵրեք վիպակ /
_cՆ. Ադամյան ; Ռուս. թարգմ.՝ Պ. Սևակ.
260 _aԵրևան :
_bՀայպետհրատ,
_c1963.
300 _a269 էջ ;
_c20 սմ.
505 0 _aԲովանդ.՝ Լքյալ տունը; Կապույտ լեռների մոտ; Մինիստրության աղջիկը
650 1 0 _aՌուս գրականություն
700 0 _aՍևակ, Պարույր,
_d1924-1971
_eթարգմ.
_4trl
_9865
942 _2udc
_cBK
090 _c88637
999 _c87353
_d87353